| 000 | 00784nam a2200241 4500 | ||
|---|---|---|---|
| 001 | 113517 | ||
| 003 | ES-MaACL | ||
| 005 | 20250727034609.0 | ||
| 007 | t| | ||
| 008 | 061121s1959 sp r ||||1| spa d | ||
| 245 | 0 | 0 |
_aNociones de doctrina social católica / _crecopiladas por Luis Cortés, Luis Antonio Sobreroca. |
| 250 | _a4ª ed. reformada y aumentada. | ||
| 260 |
_aMadrid : _bFax, _c1959. |
||
| 300 |
_a94 p. ; _c16 cm. |
||
| 490 | 1 | _aBiblioteca Fomento Social | |
| 650 | 7 |
_aIglesia y problemas sociales _2embne _913569 |
|
| 700 | 1 |
_aCortés, Luis. _940866 |
|
| 700 | 1 |
_aSobreroca Ferrer, Luis Antonio. _9107000 |
|
| 710 | 2 |
_aFomento Social (Madrid) _9171603 |
|
| 830 | 1 |
_aBiblioteca Fomento Social _9181200 |
|
| 852 |
_aES-MaACL _jC-17506 |
||
| 999 |
_c113517 _d113517 |
||